000 01020nam a22002177a 4500
999 _c182193
_d182193
005 20211109163106.0
010 _aB-741835
020 _a9780143440055
_c250.00
035 _aB-741835
037 _bPenguin Books /Gift
082 _a823.914
100 _aMurty, Sudha
245 _aThree thousand stitches:
_cby Sudha Murty
_bordinary people, extraordinary lives /
260 _aGurgaon
_bPenguin Books
_c2017
270 _a7th Floor, Infinity Tower C, DLF Cyber City,
_bGurgaon (Haryana)
_e122002
300 _ax, 179p.
_c20cm.(pbk)
942 _adpl
_cCH
_2ddc
_h823.914
_mMUR